Actionstrength Ltd v International Glass Engineering InGl En SpA another (Record no. 72839)
[ view plain ]
| 000 -LEADER | |
|---|---|
| fixed length control field | 02170cam a2200265 4500 |
| 001 - CONTROL NUMBER | |
| control field | ABS66760 |
| 008 - FIXED-LENGTH DATA ELEMENTS--GENERAL INFORMATION | |
| fixed length control field | 030609n2003 000 0 eng u |
| 035 ## - SYSTEM CONTROL NUMBER | |
| System control number | (Sirsi) u122551 |
| 245 ## - TITLE STATEMENT | |
| Title | Actionstrength Ltd v International Glass Engineering InGl En SpA another |
| 260 ## - PUBLICATION, DISTRIBUTION, ETC. | |
| Date of publication, distribution, etc. | 2003 |
| 490 ## - SERIES STATEMENT | |
| Series statement | Building Law Reports |
| Volume/sequential designation | [2003] BLR 207-216(10) |
| 520 ## - SUMMARY, ETC. | |
| Summary, etc. | [2003] UKHL 17, 3 April 2003. Second defendant S retained first defendant (I) as main contractor for construction of a new factory. A was a labour-only subcontractor which supplied labour to I. I got into arrears with payments and A threatened to withdraw its labour. A claimed that S made an oral promise to A at a meeting between their representatives to pay any money owing if I did not pay. When A was unable to obtain payment from I, A sought to enforce S's promise to pay. S relied on lack of signed writing to support the guarantee required by Statute of Frauds 1677 s4. CA ([2001] EWCA Civ 1477, Abs64625) allowed appeal by S on the grounds that the oral guarantee was enforceable under s4 of the 1677 Act. A appealed to HL claiming that S was estopped from relying on s4. HL held that there was nothing in writing to show that A was the beneficiary of an effective guarantee. To permit an estoppel to avoid the application of the statute to a guarantee would be inconsistent with the provisions of the 1677 Statute. To admit an estoppel would repeal the statute and would frustrate the continued operation of s4. Appeal dismissed. View judgment at www.parliament.the-stationary-office.co.uk (see also Abs666761). |
| 590 ## - LOCAL NOTE (RLIN) | |
| Local note | ABS |
| 650 ## - SUBJECT ADDED ENTRY--TOPICAL TERM | |
| Topical term or geographic name entry element | ACTIONSTRENGTH LTD V INTERNATIONAL GLASS ENGINEERING INGL EN SPA AND ANOTHER |
| 650 ## - SUBJECT ADDED ENTRY--TOPICAL TERM | |
| Topical term or geographic name entry element | STATUTE OF FRAUDS 1677 |
| 650 ## - SUBJECT ADDED ENTRY--TOPICAL TERM | |
| Topical term or geographic name entry element | ORAL AGREEMENTS |
| 650 ## - SUBJECT ADDED ENTRY--TOPICAL TERM | |
| Topical term or geographic name entry element | BUILT ENVIRONMENT-BUILDING CONTRACT FORMS |
| 650 ## - SUBJECT ADDED ENTRY--TOPICAL TERM | |
| Topical term or geographic name entry element | ESTOPPEL |
| 650 ## - SUBJECT ADDED ENTRY--TOPICAL TERM | |
| Topical term or geographic name entry element | PROMISSORY ESTOPPEL |
| 650 ## - SUBJECT ADDED ENTRY--TOPICAL TERM | |
| Topical term or geographic name entry element | PROPRIETARY ESTOPPEL |
| 650 ## - SUBJECT ADDED ENTRY--TOPICAL TERM | |
| Topical term or geographic name entry element | GUARANTEES |
| 690 ## - LOCAL SUBJECT ADDED ENTRY--TOPICAL TERM (OCLC, RLIN) | |
| Topical term or geographic name as entry element | BUILT ENVIRONMENT-BUILDING CONTRACT FORMS |
| 856 ## - ELECTRONIC LOCATION AND ACCESS | |
| Uniform Resource Identifier | <a href="https://www.parliament.the-stationery-office.co.uk/pa/ld200203/ldjudgmt/jd030403/action-1.htm">https://www.parliament.the-stationery-office.co.uk/pa/ld200203/ldjudgmt/jd030403/action-1.htm</a> |
| Public note | View judgment on the UK Parliament website... |
| 942 ## - ADDED ENTRY ELEMENTS (KOHA) | |
| Suppress in OPAC | 0 |
| Withdrawn status | Lost status | Source of classification or shelving scheme | Damaged status | Not for loan | Home library | Current library | Shelving location | Date acquired | Total Checkouts | Full call number | Barcode | Date last seen | Copy number | Price effective from | Koha item type |
|---|---|---|---|---|---|---|---|---|---|---|---|---|---|---|---|
| Dewey Decimal Classification | London | London | Journal article | 09/06/2003 | ABS66760 | 122551-1001 | 06/08/2019 | 1 | 06/08/2019 | Law report |